Coureurs Tour de France 2025 - Mort subite - Statistiques

Statistiques générales
  • Ce quiz a été pris 513 fois
  • Le résultat moyen est 9 sur 14
Answers on the Grid
Answers color-coded by a green-red scale on the quiz's grid according to % correct below.
Tadej Pogacar
Nils Politt
Adam Yates
Simon Yates
Tim Yates
Julian Alaphilippe
David Gaudu
Julien Bernard
Richard Carapaz
Matteo Trentin
Jonas Vingegaard
Sepp Kuss
Thomas Gachignard
Mathieu Van der Poel
Jasper Philipsen
Egan Bernal
Mads Pedersen
Paul Seixas
Tom Pidcock
Michael Matthews
Fabio Jakobsen
Biniam Girmay
Hugo Page
Santiago Buitrago
 
Statistiques - réponses
Réponse % Correct
Julian Alaphilippe
77%
Mathieu Van der Poel
75%
Tadej Pogacar
75%
Jasper Philipsen
73%
Jonas Vingegaard
73%
Adam Yates
72%
Biniam Girmay
71%
Simon Yates
70%
Sepp Kuss
69%
Nils Politt
67%
Matteo Trentin
57%
Santiago Buitrago
57%
Thomas Gachignard
50%
Hugo Page
43%
Aucun quiz correspondant
Distribution des résultats
% des personnes avec chaque résultat
Percentile par nombre de réponses
Votre historique - résultats
Vous n’avez pas pris ce quiz